[Event "HUN-chT2 Barcza 1516"]
[Site "Hungary"]
[Date "2015.09.13"]
[Round "1.3"]
[White "Kristof, Peter"]
[Black "Rakos, Adam"]
[Result "1/2-1/2"]
[WhiteElo "2159"]
[BlackElo "2130"]
[PlyCount "114"]
[EventDate "2015.09.13"]
[EventType "team-tourn"]
[EventRounds "11"]
[EventCountry "HUN"]
[SourceTitle "CBM 170 Extra"]
[Source "ChessBase"]
[SourceDate "2016.02.25"]
[SourceVersion "1"]
[SourceVersionDate "2016.02.25"]
[SourceQuality "1"]
[WhiteTeam "Edeleny"]
[BlackTeam "Kazincbarcika"]
[WhiteTeamCountry "HUN"]
[BlackTeamCountry "HUN"]

1. e4 c5 2. b3 Nc6 3. Bb2 d6 4. Bb5 Bd7 5. Ne2 a6 6. Bxc6 Bxc6 7. d3 e6 8. 0-0 Nf6 9. Nd2 Be7 10. Ng3 h5 11. f4 h4 12. Nh1 Qc7 13. Nf2 d5 14. Be5 Qb6 15. a4 a5 16. Qe2 0-0-0 17. Bc3 Qc7 18. Be5 Qb6 19. Bc3 Qc7 20. e5 Nh5 21. Nh3 g6 22. d4 Ng7 23. Nf3 Nf5 24. Qd2 b6 25. Bb2 Kb8 26. c3 Rc8 27. Nhg5 Bf8 28. Rfc1 Qd7 29. Ne1 Bb7 30. Nd3 Ba6 31. dxc5 Bxd3 32. Qxd3 Bxc5+ 33. Kh1 Qe7 34. h3 Be3 35. Ba3 Qa7 36. Rf1 Ng3+ 37. Kh2 Nxf1+ 38. Rxf1 Bc5 39. b4 Bf8 40. Qe3 Rc4 41. Rb1 Qc7 42. Rb3 axb4 43. cxb4 Be7 44. Nxf7 Rf8 45. Nd6 Bxd6 46. exd6 Qxd6 47. b5 Qxf4+ 48. Qxf4+ Rfxf4 49. Bd6+ Kb7 50. Bxf4 Rxf4 51. Re3 Rf6 52. g3 Rf2+ 53. Kg1 hxg3 54. Rxe6 Ra2 55. Rxg6 Rxa4 56. Rg7+ Kc8 57. Rg5 Rc4 1/2-1/2

[Event "HUN-chT2 Barcza 1314"]
[Site "Hungary"]
[Date "2014.04.27"]
[Round "11"]
[White "Rakos, Adam"]
[Black "Laszlo, Zoltan"]
[Result "1-0"]
[WhiteElo "2146"]
[BlackElo "2017"]
[PlyCount "37"]
[EventDate "2013.09.08"]
[EventType "team-tourn"]
[EventRounds "11"]
[EventCountry "HUN"]
[SourceTitle "EXT 2016"]
[Source "ChessBase"]
[SourceDate "2015.10.08"]
[SourceVersion "1"]
[SourceVersionDate "2015.10.08"]
[SourceQuality "1"]
[WhiteTeam "Kazincbarcika"]
[BlackTeam "Miskolc EMSE"]
[WhiteTeamCountry "HUN"]
[BlackTeamCountry "HUN"]

1. d4 Nf6 2. Nf3 d5 3. Bf4 c5 4. e3 Qb6 5. b3 Nc6 6. Be2 Bf5 7. 0-0 e6 8. Nc3 cxd4 9. exd4 Be7 10. Nb5 0-0 11. Bc7 Qa6 12. a4 b6 13. Nd6 Qa5 14. c3 Bxd6 15. Bxd6 Ne4 16. b4 Nxc3 17. bxa5 Nxd1 18. Rfxd1 Rfd8 19. Bc7 1-0

[Event "Budapest-chT1 Lilienthal 1314"]
[Site "Budapest"]
[Date "2014.03.09"]
[Round "9"]
[White "Rakos, Adam"]
[Black "Vegh, Karoly"]
[Result "1/2-1/2"]
[WhiteElo "2146"]
[BlackElo "2037"]
[PlyCount "99"]
[EventDate "2013.09.29"]
[EventType "team-tourn"]
[EventRounds "11"]
[EventCountry "HUN"]
[SourceTitle "EXT 2021"]
[Source "ChessBase"]
[SourceDate "2020.10.23"]
[SourceVersion "1"]
[SourceVersionDate "2020.10.23"]
[SourceQuality "1"]
[WhiteTeam "SENSE"]
[BlackTeam "REAC SISE"]
[WhiteTeamCountry "HUN"]
[BlackTeamCountry "HUN"]

1. d4 Nf6 2. e3 g6 3. Bd3 Bg7 4. f4 b6 5. Nf3 Bb7 6. 0-0 d6 7. Nbd2 0-0 8. c3 c5 9. Ng5 e5 10. Nde4 Nxe4 11. Bxe4 d5 12. Bc2 h6 13. Nf3 e4 14. Ne5 c4 15. b3 Bxe5 16. fxe5 b5 17. bxc4 bxc4 18. Ba3 Re8 19. Rf6 Bc8 20. Rd6 Qg5 21. Qe2 Be6 22. Ba4 Rd8 23. Rb1 Nd7 24. Bxd7 Rxd7 25. Rxd7 Bxd7 26. Rb7 Qg4 27. Qf1 Qf5 28. Qb1 Qg4 29. h3 Qe6 30. Rb8+ Rxb8 31. Qxb8+ Kh7 32. Qxa7 g5 33. Qb8 g4 34. hxg4 Qxg4 35. Qd8 Qd1+ 36. Kh2 Qh5+ 37. Kg3 Qg5+ 38. Qxg5 hxg5 39. Be7 Kg6 40. Kf2 Kh5 41. Ke2 Kg4 42. Kd2 Ba4 43. Kc1 Bd7 44. Kb2 Bc6 45. Ka3 Kg3 46. Bxg5 Kxg2 47. Kb4 Kf3 48. Kc5 Ba8 49. a4 Ke2 50. Kb4 1/2-1/2

[Event "HUN-chT2 Barcza 1314"]
[Site "Hungary"]
[Date "2014.03.02"]
[Round "8"]
[White "Hajdu, Zoltan"]
[Black "Rakos, Adam"]
[Result "0-1"]
[WhiteElo "1886"]
[BlackElo "2146"]
[PlyCount "75"]
[EventDate "2013.09.08"]
[EventType "team-tourn"]
[EventRounds "11"]
[EventCountry "HUN"]
[SourceTitle "EXT 2016"]
[Source "ChessBase"]
[SourceDate "2015.10.08"]
[SourceVersion "1"]
[SourceVersionDate "2015.10.08"]
[SourceQuality "1"]
[WhiteTeam "Miskolc KisBocsok"]
[BlackTeam "Kazincbarcika"]
[WhiteTeamCountry "HUN"]
[BlackTeamCountry "HUN"]

1. d4 Nf6 2. Nc3 d5 3. Bg5 Nbd7 4. Nf3 c6 5. e3 g6 6. Bd3 Bg7 7. e4 dxe4 8. Nxe4 Nxe4 9. Bxe4 Nf6 10. Bd3 Bg4 11. c3 Qd5 12. Bxf6 Bxf6 13. Qe2 0-0 14. Be4 Qa5 15. 0-0 Rfe8 16. h3 Bxf3 17. Qxf3 Rad8 18. Rfe1 Rd6 19. a4 e5 20. b4 Qd8 21. Bd3 exd4 22. c4 Rde6 23. Rxe6 Rxe6 24. c5 Qe7 25. g3 Kg7 26. Kg2 Re1 27. Rxe1 Qxe1 28. h4 Qe5 29. Bc4 a5 30. g4 h6 31. h5 axb4 32. hxg6 fxg6 33. a5 Qxc5 34. Bd3 Qxa5 35. Qg3 Qd5+ 36. Kh3 Qh1+ 37. Qh2 Qxh2+ 38. Kxh2 0-1

[Event "HUN-chT2 Barcza 1314"]
[Site "Hungary"]
[Date "2014.02.02"]
[Round "6"]
[White "Csabai, Gyula"]
[Black "Rakos, Adam"]
[Result "0-1"]
[WhiteElo "1990"]
[BlackElo "2146"]
[PlyCount "58"]
[EventDate "2013.09.08"]
[EventType "team-tourn"]
[EventRounds "11"]
[EventCountry "HUN"]
[SourceTitle "EXT 2016"]
[Source "ChessBase"]
[SourceDate "2015.10.08"]
[SourceVersion "1"]
[SourceVersionDate "2015.10.08"]
[SourceQuality "1"]
[WhiteTeam "Edeleny"]
[BlackTeam "Kazincbarcika"]
[WhiteTeamCountry "HUN"]
[BlackTeamCountry "HUN"]

1. e4 c5 2. b3 Nc6 3. Bb2 e6 4. Bb5 Nf6 5. e5 Nd5 6. c4 Nf4 7. Qf3 Qg5 8. Bxc6 bxc6 9. g3 Ng6 10. h4 Qd8 11. h5 Ne7 12. g4 Qc7 13. Qe3 Ng8 14. Nc3 f6 15. f4 d5 16. exd6 Bxd6 17. Nge2 Nh6 18. Rg1 f5 19. gxf5 Nxf5 20. Qe4 0-0 21. 0-0-0 Bd7 22. Rdf1 Rae8 23. Nd1 e5 24. Ne3 Nd4 25. Qg2 Bh3 26. Qxh3 Nxe2+ 27. Kd1 Nxg1 28. Rxg1 Rxf4 29. Nf5 Bf8 0-1

[Event "HUN-chT2 Barcza 1314"]
[Site "Hungary"]
[Date "2013.09.08"]
[Round "1"]
[White "Rakos, Adam"]
[Black "Ujhelyi, Andras"]
[Result "1-0"]
[WhiteElo "2146"]
[BlackElo "2045"]
[PlyCount "47"]
[EventDate "2013.09.08"]
[EventType "team-tourn"]
[EventRounds "11"]
[EventCountry "HUN"]
[SourceTitle "EXT 2016"]
[Source "ChessBase"]
[SourceDate "2015.10.08"]
[SourceVersion "1"]
[SourceVersionDate "2015.10.08"]
[SourceQuality "1"]
[WhiteTeam "Kazincbarcika"]
[BlackTeam "Nyiregyhaza"]
[WhiteTeamCountry "HUN"]
[BlackTeamCountry "HUN"]

1. e4 c5 2. b4 cxb4 3. a3 e6 4. axb4 d5 5. e5 Nc6 6. d4 Bxb4+ 7. c3 Be7 8. Bd3 g6 9. Ne2 h5 10. 0-0 Nh6 11. Ba3 0-0 12. Nf4 Kg7 13. Qf3 Bd7 14. Qg3 h4 15. Qf3 Bxa3 16. Nxa3 Ne7 17. Nh5+ Kg8 18. Qf4 Nef5 19. Nf6+ Kg7 20. g4 hxg3 21. fxg3 Ng8 22. g4 Nfh6 23. g5 Nf5 24. Bxf5 1-0

[Event "HUN-chT2 Barcza 1213"]
[Site "Hungary"]
[Date "2013.04.07"]
[Round "10.5"]
[White "Adorjan, Attila"]
[Black "Rakos, Adam"]
[Result "0-1"]
[WhiteElo "1987"]
[BlackElo "2137"]
[PlyCount "64"]
[EventDate "2012.09.16"]
[EventType "team-tourn"]
[EventRounds "11"]
[EventCountry "HUN"]
[SourceTitle "EXT 2014"]
[Source "ChessBase"]
[SourceDate "2013.11.20"]
[SourceVersion "1"]
[SourceVersionDate "2013.11.20"]
[SourceQuality "1"]
[WhiteTeam "Debrecen Sakkiskola"]
[BlackTeam "Kazincbarcika"]
[WhiteTeamCountry "HUN"]
[BlackTeamCountry "HUN"]

1. e4 c5 2. Nf3 Nc6 3. d4 cxd4 4. Nxd4 e5 5. Nb5 a6 6. Nd6+ Bxd6 7. Qxd6 Qf6 8. Qd1 Qg6 9. Nc3 d5 10. f3 d4 11. Nd5 Qd6 12. Bc4 Nge7 13. 0-0 Be6 14. f4 Bxd5 15. exd5 Nxd5 16. fxe5 Qc5 17. Bxd5 Qxd5 18. c3 d3 19. Bf4 0-0 20. Qf3 Qc5+ 21. Kh1 Rad8 22. Rad1 Qc4 23. a3 Rfe8 24. Rfe1 h6 25. Re3 d2 26. Re2 g5 27. Bg3 Rd3 28. Qh5 Kg7 29. e6 Rxe6 30. Rxe6 Qxe6 31. Bf2 g4 32. Kg1 Qe2 0-1

[Event "HUN-chT2 Maroczy 1112"]
[Site "Hungary"]
[Date "2012.04.22"]
[Round "9"]
[White "Rakos, Adam"]
[Black "Kiripolszky, Tamas"]
[Result "1-0"]
[WhiteElo "2089"]
[BlackElo "1910"]
[PlyCount "67"]
[EventDate "2011.09.25"]
[EventType "team-tourn"]
[EventRounds "11"]
[EventCountry "HUN"]
[SourceTitle "EXT 2013"]
[Source "ChessBase"]
[SourceDate "2012.11.22"]
[SourceVersion "1"]
[SourceVersionDate "2012.11.22"]
[SourceQuality "1"]
[WhiteTeam "Kazincbarcika"]
[BlackTeam "Hajduszoboszlo"]
[WhiteTeamCountry "HUN"]
[BlackTeamCountry "HUN"]

1. d4 d5 2. Nf3 g6 3. Bf4 Bg7 4. e3 Nf6 5. Bd3 c5 6. c3 c4 7. Bc2 0-0 8. Nbd2 Nc6 9. e4 Nh5 10. Bg5 h6 11. Bh4 Nf4 12. 0-0 f5 13. exd5 Nxd5 14. Nxc4 g5 15. Bxg5 hxg5 16. Nxg5 Qe8 17. Ne5 Rf6 18. Re1 e6 19. Bb3 Nc7 20. f4 Nxe5 21. dxe5 Rh6 22. h3 Bd7 23. Qc2 Bc6 24. Qxf5 Nd5 25. Qg4 Qg6 26. Rad1 Rf8 27. g3 Rf5 28. Bc2 Rxg5 29. fxg5 Rxh3 30. Bxg6 Rh1+ 31. Kxh1 Ne3+ 32. Qe4 Ng4 33. Rd8+ Bf8 34. Qxc6 1-0

[Event "HUN-chT2 Maroczy 1112"]
[Site "Hungary"]
[Date "2012.03.11"]
[Round "7"]
[White "Rakos, Adam"]
[Black "Berki, Ferenc"]
[Result "1-0"]
[WhiteElo "2089"]
[BlackElo "1980"]
[PlyCount "159"]
[EventDate "2011.09.25"]
[EventType "team-tourn"]
[EventRounds "11"]
[EventCountry "HUN"]
[SourceTitle "EXT 2013"]
[Source "ChessBase"]
[SourceDate "2012.11.22"]
[SourceVersion "1"]
[SourceVersionDate "2012.11.22"]
[SourceQuality "1"]
[WhiteTeam "Kazincbarcika"]
[BlackTeam "Lila Futo"]
[WhiteTeamCountry "HUN"]
[BlackTeamCountry "HUN"]

1. d4 d5 2. Nf3 Nf6 3. Bf4 e6 4. e3 c5 5. c3 Nc6 6. Bd3 Be7 7. Nbd2 0-0 8. Ne5 h6 9. h4 cxd4 10. exd4 Nd7 11. Qg4 Ndxe5 12. dxe5 Kh8 13. Qh5 f5 14. exf6 Rxf6 15. Bg5 Bc5 16. Bxf6 Qxf6 17. Qe8+ Qf8 18. Qg6 Qg8 19. Nf3 Ne7 20. Qh5 Qf8 21. 0-0 Bd7 22. Ne5 Be8 23. Bg6 Bxg6 24. Nxg6+ Nxg6 25. Qxg6 Qf6 26. Qxf6 gxf6 27. Rfe1 e5 28. Rad1 d4 29. cxd4 Bxd4 30. b3 Kg7 31. h5 f5 32. Rc1 Kf6 33. Rc7 b6 34. Kf1 a5 35. Rec1 Rg8 36. R1c6+ Kg5 37. Rh7 Kxh5 38. Rhxh6+ Kg5 39. g3 Rg7 40. Ke2 e4 41. f4+ exf3+ 42. Kxf3 Bc5 43. Rh4 Re7 44. Rch6 Re3+ 45. Kg2 Re1 46. Rc6 Rg1+ 47. Kh2 Re1 48. Rhh6 Kg4 49. Rh4+ Kg5 50. a4 Rc1 51. Kg2 Rg1+ 52. Kh2 Rc1 53. Rc4 Rxc4 54. bxc4 f4 55. gxf4+ Kxf4 56. Re6 Kf5 57. Re8 Kf4 58. Kg2 Bd4 59. Re6 Kf5 60. Re8 Kf4 61. Kf1 Be5 62. Re6 Bd4 63. Ke2 Bg1 64. Kd3 Bc5 65. Rf6+ Ke5 66. Rf1 Bb4 67. Rh1 Bc5 68. Rh4 Bg1 69. Ke2 Bc5 70. Kf3 Bg1 71. Re4+ Kf5 72. Re8 Bc5 73. Rd8 Bb4 74. Rd5+ Ke6 75. Ke4 Ba3 76. Kd3 Bb4 77. Kd4 Ba3 78. Rb5 Bb4 79. Rxb6+ Kd7 80. c5 1-0

[Event "HUN-chT2 Maroczy 1112"]
[Site "Hungary"]
[Date "2012.01.29"]
[Round "5"]
[White "Rakos, Adam"]
[Black "Csorsz, Ferenc"]
[Result "1/2-1/2"]
[WhiteElo "2089"]
[BlackElo "2028"]
[PlyCount "53"]
[EventDate "2011.09.25"]
[EventType "team-tourn"]
[EventRounds "11"]
[EventCountry "HUN"]
[SourceTitle "EXT 2013"]
[Source "ChessBase"]
[SourceDate "2012.11.22"]
[SourceVersion "1"]
[SourceVersionDate "2012.11.22"]
[SourceQuality "1"]
[WhiteTeam "Kazincbarcika"]
[BlackTeam "Nyiregyhaza"]
[WhiteTeamCountry "HUN"]
[BlackTeamCountry "HUN"]

1. d4 Nf6 2. e3 c5 3. c3 e6 4. Bd3 d5 5. Nd2 Nc6 6. f4 c4 7. Bc2 Bd6 8. Ngf3 b5 9. Ne5 Bb7 10. 0-0 0-0 11. Qf3 Ne8 12. Qh5 f5 13. h3 Nf6 14. Qg5 Ne4 15. Nxe4 dxe4 16. Qh5 Rf6 17. b3 Nxe5 18. fxe5 Rh6 19. Qe2 Bf8 20. bxc4 Qg5 21. Kh2 bxc4 22. Qf2 Rg6 23. Rb1 Bd5 24. Rg1 h5 25. h4 Qd8 26. Bd1 Be7 27. g3 1/2-1/2

[Event "HUN-chT2 Maroczy 1112"]
[Site "Hungary"]
[Date "2011.11.13"]
[Round "3"]
[White "Szollosi, Laszlo Jr"]
[Black "Rakos, Adam"]
[Result "1/2-1/2"]
[WhiteElo "2271"]
[BlackElo "2089"]
[PlyCount "46"]
[EventDate "2011.09.25"]
[EventType "team-tourn"]
[EventRounds "11"]
[EventCountry "HUN"]
[SourceTitle "EXT 2013"]
[Source "ChessBase"]
[SourceDate "2012.11.22"]
[SourceVersion "1"]
[SourceVersionDate "2012.11.22"]
[SourceQuality "1"]
[WhiteTeam "Dunaharaszti"]
[BlackTeam "Kazincbarcika"]
[WhiteTeamCountry "HUN"]
[BlackTeamCountry "HUN"]

1. d4 Nf6 2. Nf3 d6 3. c4 Nbd7 4. g3 e5 5. Bg2 Be7 6. Nc3 c6 7. 0-0 e4 8. Nd2 d5 9. cxd5 cxd5 10. f3 exf3 11. Nxf3 0-0 12. Qb3 Nb6 13. Ne5 Be6 14. Bf4 Ne4 15. Rac1 Nxc3 16. Rxc3 Bd6 17. Qc2 Qe7 18. Nd3 Bxf4 19. Nxf4 Rac8 20. b3 Qb4 21. Rc1 Qxd4+ 22. e3 Qe5 23. Qd2 Rxc3 1/2-1/2

[Event "HUN-chT2 Maroczy 1112"]
[Site "Hungary"]
[Date "2011.11.12"]
[Round "4"]
[White "Runda, Mate Bence"]
[Black "Rakos, Adam"]
[Result "1/2-1/2"]
[WhiteElo "1926"]
[BlackElo "2089"]
[PlyCount "36"]
[EventDate "2011.09.25"]
[EventType "team-tourn"]
[EventRounds "11"]
[EventCountry "HUN"]
[SourceTitle "EXT 2013"]
[Source "ChessBase"]
[SourceDate "2012.11.22"]
[SourceVersion "1"]
[SourceVersionDate "2012.11.22"]
[SourceQuality "1"]
[WhiteTeam "Miskolc EMSE"]
[BlackTeam "Kazincbarcika"]
[WhiteTeamCountry "HUN"]
[BlackTeamCountry "HUN"]

1. e4 c5 2. Nf3 Nc6 3. Bb5 g6 4. 0-0 Bg7 5. c3 d5 6. Qa4 Qd6 7. e5 Qc7 8. d4 Bg4 9. Nbd2 Nh6 10. h3 Bd7 11. Nb3 c4 12. Nc5 0-0 13. Nxd7 Qxd7 14. b3 cxb3 15. axb3 f6 16. c4 Kh8 17. Re1 fxe5 18. Bxc6 bxc6 1/2-1/2

[Event "HUN-chT 1011"]
[Site "Hungary"]
[Date "2011.03.27"]
[Round "7"]
[White "Rakos, Adam"]
[Black "Gara, Ticia"]
[Result "0-1"]
[WhiteElo "2090"]
[BlackElo "2348"]
[PlyCount "114"]
[EventDate "2010.10.10"]
[EventType "team-tourn"]
[EventRounds "11"]
[EventCountry "HUN"]
[SourceTitle "EXT 2012"]
[Source "ChessBase"]
[SourceDate "2011.11.24"]
[SourceVersion "1"]
[SourceVersionDate "2011.11.24"]
[SourceQuality "1"]
[WhiteTeam "Kazincbarcika"]
[BlackTeam "Aquaprofit"]
[WhiteTeamCountry "HUN"]
[BlackTeamCountry "HUN"]

1. d4 Nf6 2. Nf3 g6 3. Bf4 Bg7 4. Nbd2 0-0 5. e4 d6 6. Be2 Nbd7 7. 0-0 c5 8. dxc5 Nxc5 9. e5 Nd5 10. Bg3 Bf5 11. Nb3 Nxb3 12. axb3 dxe5 13. Nxe5 Nf6 14. Qc1 Ne4 15. Rd1 Nxg3 16. hxg3 Qc7 17. Nc4 Rfd8 18. c3 Rxd1+ 19. Qxd1 Rd8 20. Qe1 a6 21. Bf3 Be6 22. Rd1 b5 23. Rxd8+ Qxd8 24. Nd2 a5 25. Qe2 b4 26. c4 Bxb2 27. Ne4 Bd4 28. Ng5 Bf5 29. g4 Bd3 30. Qd1 h6 31. Nxf7 Bxf2+ 32. Kxf2 Qd4+ 33. Kg3 Kxf7 34. Bd5+ Kg7 35. Qf3 h5 36. Qf7+ Kh6 37. g5+ Kxg5 38. Qxe7+ Kh6 39. Qf8+ Qg7 40. Qe8 g5 41. Bf7 h4+ 42. Kh2 g4 43. Qe3+ Qg5 44. Qxd3 Qf4+ 45. Kg1 Qxf7 46. Qe3+ Kg6 47. Qe4+ Qf5 48. Qe8+ Kg5 49. Qe3+ Qf4 50. Qc5+ Kg6 51. Qc6+ Kf5 52. Qd5+ Qe5 53. Qd3+ Kf4 54. Qf1+ Kg5 55. Qc1+ Kh5 56. Qd1 h3 57. Kh1 Qe4 0-1

[Event "HUN-chT U18"]
[Site "Miskolc"]
[Date "2010.11.03"]
[Round "3.10"]
[White "Kalmar, Miksa"]
[Black "Rakos, Adam"]
[Result "1/2-1/2"]
[WhiteElo "1877"]
[BlackElo "2099"]
[PlyCount "74"]
[EventDate "2010.11.02"]
[EventType "team-swiss"]
[EventRounds "8"]
[EventCountry "HUN"]
[SourceTitle "EXT 2016"]
[Source "ChessBase"]
[SourceDate "2015.10.08"]
[SourceVersion "1"]
[SourceVersionDate "2015.10.08"]
[SourceQuality "1"]

1. e4 c5 2. Nf3 Nc6 3. d4 cxd4 4. Nxd4 e5 5. Nb5 a6 6. Nd6+ Bxd6 7. Qxd6 Qf6 8. Qc7 Qg6 9. f3 Nge7 10. Be3 d5 11. Nd2 d4 12. Bf2 b5 13. a4 Rb8 14. axb5 Rb7 15. Qxb7 Bxb7 16. bxc6 Qxc6 17. Nc4 0-0 18. Bd3 Qc7 19. 0-0 f5 20. Bg3 f4 21. Be1 Nc6 22. Bd2 Rf6 23. Ra3 Bc8 24. b4 Na7 25. Ra5 Nb5 26. Na3 Nxa3 27. Rxa3 Rg6 28. Ra5 h5 29. Rc5 Rc6 30. Rxc6 Qxc6 31. Kf2 Be6 32. Ra1 Bc4 33. Ra5 Bxd3 34. cxd3 Qc2 35. Ke2 Qb1 36. Be1 Qc2+ 37. Bd2 Qb1 1/2-1/2

[Event "HUN-chT U18"]
[Site "Miskolc"]
[Date "2010.11.02"]
[Round "1.13"]
[White "Kaszas, Kristof"]
[Black "Rakos, Adam"]
[Result "0-1"]
[WhiteElo "1797"]
[BlackElo "2099"]
[PlyCount "62"]
[EventDate "2010.11.02"]
[EventType "team-swiss"]
[EventRounds "8"]
[EventCountry "HUN"]
[SourceTitle "EXT 2016"]
[Source "ChessBase"]
[SourceDate "2015.10.08"]
[SourceVersion "1"]
[SourceVersionDate "2015.10.08"]
[SourceQuality "1"]

1. Nf3 Nf6 2. g3 d6 3. Bg2 Nbd7 4. d3 e5 5. 0-0 Be7 6. e4 0-0 7. Nc3 Nb6 8. Be3 Bg4 9. Bxb6 axb6 10. h3 Bh5 11. Qd2 c6 12. Nh2 Nd7 13. f4 exf4 14. gxf4 Bf6 15. d4 b5 16. e5 dxe5 17. dxe5 Be7 18. Ne4 f6 19. exf6 Qb6+ 20. Kh1 Nxf6 21. Rae1 Nxe4 22. Bxe4 Bh4 23. Re3 Rad8 24. Qc3 Bf6 25. Qe1 Rd1 26. Qg3 Rfd8 27. Ree1 Rxe1 28. Rxe1 Qd4 29. c3 Qd2 30. Rb1 Qe2 31. Qg2 Qe3 0-1

[Event "HUN-chT2 Barcza 1011"]
[Site "Hungary"]
[Date "2010.10.24"]
[Round "4.4"]
[White "Rakos, Adam"]
[Black "Bartha, Laszlo"]
[Result "1/2-1/2"]
[WhiteElo "2012"]
[BlackElo "2040"]
[PlyCount "98"]
[EventDate "2010.09.12"]
[EventType "team-tourn"]
[EventRounds "11"]
[EventCountry "HUN"]
[SourceTitle "EXT 2012"]
[Source "ChessBase"]
[SourceDate "2011.11.24"]
[SourceVersion "1"]
[SourceVersionDate "2011.11.24"]
[SourceQuality "1"]
[WhiteTeam "Tiszavasvar"]
[BlackTeam "Kazincbarcika"]
[WhiteTeamCountry "HUN"]
[BlackTeamCountry "HUN"]

1. d4 Nf6 2. Nf3 d6 3. c4 Nbd7 4. Nc3 e5 5. e4 Be7 6. dxe5 dxe5 7. Be2 c6 8. 0-0 Qc7 9. Rb1 a5 10. a3 0-0 11. b4 axb4 12. axb4 Rd8 13. Qb3 Nf8 14. b5 Ne6 15. b6 Qb8 16. Qc2 Nd4 17. Nxd4 exd4 18. Na4 c5 19. Nb2 Qd6 20. Nd3 Nxe4 21. Bf4 Qg6 22. Bc7 Bf5 23. Ne5 Qe6 24. Bd3 Nd6 25. Rfe1 Re8 26. Nc6 Bxd3 27. Qxd3 Qd7 28. Ne5 Qf5 29. Qf1 Ne4 30. Qd3 Qxf2+ 31. Kh1 Nf6 32. Re2 Qh4 33. Rbe1 Bf8 34. g3 Qh3 35. Qf3 Qc8 36. g4 h6 37. h4 d3 38. Rd2 Ra3 39. g5 Ng4 40. Qxf7+ Kh8 41. Qg6 Kg8 42. Qf7+ Kh7 43. g6+ Kh8 44. Qxe8 Qxe8 45. Nf7+ Qxf7 46. gxf7 g6 47. Re4 h5 48. Be5+ Nxe5 49. Rxe5 Kg7 1/2-1/2

[Event "HUN-chT2 Barcza 0910"]
[Site "Hungary"]
[Date "2010.05.02"]
[Round "11.6"]
[White "Rakos, Adam"]
[Black "Banszky, Miklos"]
[Result "1/2-1/2"]
[WhiteElo "1994"]
[BlackElo "1974"]
[PlyCount "44"]
[EventDate "2009.11.08"]
[EventType "team-tourn"]
[EventRounds "11"]
[EventCountry "HUN"]
[SourceTitle "EXT 2011"]
[Source "ChessBase"]
[SourceDate "2010.11.26"]
[SourceVersion "1"]
[SourceVersionDate "2010.11.26"]
[SourceQuality "1"]
[WhiteTeam "Kazincbarcika"]
[BlackTeam "SSASSE"]
[WhiteTeamCountry "HUN"]
[BlackTeamCountry "HUN"]

1. d4 Nf6 2. e3 g6 3. Bd3 Bg7 4. f4 d6 5. Nf3 Nc6 6. 0-0 0-0 7. c3 Re8 8. e4 e5 9. fxe5 dxe5 10. d5 Nb8 11. Bg5 h6 12. Bh4 c6 13. c4 Qb6+ 14. Kh1 Qxb2 15. Nbd2 Nh5 16. Nb3 Nf4 17. Ne1 Qa3 18. Bg3 Nh5 19. Bh4 Nf4 20. Bg3 Nh5 21. Bh4 Nf4 22. Bg3 Nh5 1/2-1/2

[Event "HUN-chT2 Barcza 0910"]
[Site "Hungary"]
[Date "2010.04.11"]
[Round "9.8"]
[White "Rakos, Adam"]
[Black "Gergely, Akos"]
[Result "1-0"]
[WhiteElo "1994"]
[BlackElo "1770"]
[PlyCount "37"]
[EventDate "2009.11.08"]
[EventType "team-tourn"]
[EventRounds "11"]
[EventCountry "HUN"]
[SourceTitle "EXT 2011"]
[Source "ChessBase"]
[SourceDate "2010.11.26"]
[SourceVersion "1"]
[SourceVersionDate "2010.11.26"]
[SourceQuality "1"]
[WhiteTeam "Kazincbarcika"]
[BlackTeam "Nyiregyhaza"]
[WhiteTeamCountry "HUN"]
[BlackTeamCountry "HUN"]

1. d4 d5 2. Nf3 Nf6 3. Bf4 g6 4. e3 Bg7 5. Bd3 b6 6. Nbd2 Bb7 7. c4 0-0 8. 0-0 Nbd7 9. Ne5 Nh5 10. Ndf3 Nxf4 11. exf4 c5 12. cxd5 cxd4 13. Bc4 Nxe5 14. Nxe5 b5 15. Be2 Bxd5 16. Qxd4 Bxe5 17. Qxe5 f6 18. Qe3 Bc6 19. Qe6+ 1-0

[Event "HUN-chT2 Barcza 0910"]
[Site "Hungary"]
[Date "2010.03.21"]
[Round "8.9"]
[White "Rakos, Adam"]
[Black "Bodis, Laszlo"]
[Result "1-0"]
[WhiteElo "1994"]
[BlackElo "1988"]
[PlyCount "67"]
[EventDate "2009.11.08"]
[EventType "team-tourn"]
[EventRounds "11"]
[EventCountry "HUN"]
[SourceTitle "EXT 2011"]
[Source "ChessBase"]
[SourceDate "2010.11.26"]
[SourceVersion "1"]
[SourceVersionDate "2010.11.26"]
[SourceQuality "1"]
[WhiteTeam "Kazincbarcika"]
[BlackTeam "HSSE"]
[WhiteTeamCountry "HUN"]
[BlackTeamCountry "HUN"]

1. d4 d5 2. Nf3 Nf6 3. Bf4 e6 4. e3 Bd6 5. Ne5 0-0 6. Bd3 Nbd7 7. Qf3 c5 8. c3 Qc7 9. Nxd7 Bxd7 10. Bg5 Be7 11. Nd2 c4 12. Bc2 Rfe8 13. 0-0 h6 14. Bf4 Qd8 15. e4 dxe4 16. Nxe4 Bc6 17. Nxf6+ Bxf6 18. Qg3 Kh8 19. Qh3 Bg5 20. Be5 Bf6 21. Rae1 Bxe5 22. Rxe5 Bd5 23. Qh5 Kg8 24. f4 f5 25. g4 fxg4 26. Qg6 Rf8 27. Qh7+ Kf7 28. f5 Ke7 29. Qxg7+ Kd6 30. Rfe1 Rf6 31. fxe6 Bxe6 32. Qxb7 Qc8 33. Qb4+ Kd7 34. Ba4+ 1-0

[Event "HUN-chT 0910"]
[Site "Hungary"]
[Date "2010.02.14"]
[Round "6"]
[White "Manyoki, Anna"]
[Black "Rakos, Adam"]
[Result "1-0"]
[WhiteElo "2071"]
[BlackElo "1994"]
[PlyCount "103"]
[EventDate "2009.11.08"]
[EventType "team-tourn"]
[EventRounds "11"]
[EventCountry "HUN"]
[SourceTitle "EXT 2011"]
[Source "ChessBase"]
[SourceDate "2010.11.26"]
[SourceVersion "1"]
[SourceVersionDate "2010.11.26"]
[SourceQuality "1"]
[WhiteTeam "Dunaharaszti"]
[BlackTeam "Kazincbarcika"]
[WhiteTeamCountry "HUN"]
[BlackTeamCountry "HUN"]

1. e4 c5 2. Nf3 Nc6 3. Bb5 g6 4. Bxc6 bxc6 5. 0-0 Bg7 6. Re1 d6 7. h3 e5 8. c3 Qb6 9. Na3 Ba6 10. d4 cxd4 11. cxd4 Ne7 12. dxe5 dxe5 13. Qc2 0-0 14. Be3 Qb7 15. Bc5 Rfe8 16. Nc4 Bxc4 17. Qxc4 Nc8 18. b3 Nb6 19. Qc2 Nd7 20. Ba3 Nf8 21. Bb2 Qc7 22. Rac1 Rac8 23. Red1 Ne6 24. g3 Red8 25. Rxd8+ Nxd8 26. Rd1 Ne6 27. Qc3 Nd4 28. Nxd4 exd4 29. Rxd4 f5 30. Qc4+ Kh8 31. Rd2 Bxb2 32. Rxb2 Qe5 33. Rd2 fxe4 34. Qd4 Re8 35. Qxe5+ Rxe5 36. Rd8+ Kg7 37. Rd7+ Kf6 38. Rxa7 e3 39. fxe3 Rxe3 40. Kf2 Rc3 41. Rxh7 Rc2+ 42. Ke3 Rxa2 43. Rc7 Rc2 44. Kd3 Rc1 45. b4 Ke5 46. b5 Rb1 47. Rxc6 Rxb5 48. Rxg6 Kf5 49. Rc6 Rd5+ 50. Ke3 Rd1 51. Rc5+ Kg6 52. h4 1-0